000 02501cam a22006494i 4500
003 PE-LiUPU
005 20250731170426.0
008 190306s2015 mx a rb 000 0 spa d
020 _a6074484988
020 _a9786074484984
035 _a(Sirsi) a251901
040 _aPE-LiUPU
_bspa
_cPE-LiUPU
_erda
041 1 _aspa
_heng
049 _aPRUA
082 0 4 _a150.287
_bH67
_221
100 1 _aHogan, Thomas P.,
_eautor.
245 1 0 _aPruebas psicológicas :
_buna introducción práctica /
_cThomas P. Hogan ; traducción José Luis Núñez Herrejón.
250 _aSegunda edición.
264 _aMéxico :
_bManual Moderno,
_c2015.
300 _axiv, 497 páginas :
_bilustraciones ;
_c28 centímetros.
336 _atext
_2rdacontent
337 _aunmediated
_2rdamedia
338 _avolume
_2rdacarrier
504 _abibliográfia: pagina 463-483.
505 0 _aCampo de las pruebas psicológicas -- Fuentes de información sobre las pruebas -- Normas -- Confiabilidad -- Validez -- Elaboración de pruebas y análisis de reactivos y neutralidad -- Inteligencia: teoría y temas -- Pruebas individuales de inteligencia -- Pruebas grupales de capacidad mental -- Evaluación neuropsicológica -- Pruebas de aprovechamiento -- Pruebas objetivas de personalidad -- Instrumentos y métodos clínicos -- Técnicas proyectivas -- Intereses y actitudes -- Aspectos éticos y legales.
526 _aSEG68
526 _aSEG70
526 _aSEG69
526 _aSEG67
526 _aSEG43
526 _aP144
526 _aP143
526 _aP131
526 _aP122
526 _aP120
526 _aP117
526 _aP112
526 _aP110
526 _aP106
526 _aP101
526 _aP80
526 _aP59
526 _aP54
526 _aP35
526 _aP33
526 _aP30
534 _pTítulo original :
_tPsychological testing. A practical introduction.
541 _g002-00000795;
650 0 4 _aPruebas psicológicas.
650 0 4 _aPruebas psicológicas
_vTeorías.
700 1 _aNúñez Herrejón, José Luis,
_etraductor.
910 _aadm
_bksl
_cksl
_d20190306
942 _2ddc
_cBOOK
994 _aC0
_bPEPRU
596 _a1
999 _a150.287 H67
_wDEWEY
_c31167
_i80012
_d31167
_e2019-4-1
_f2021-11-3
_g3
_lCCODEBUL1
_mBUL
_n2
_p48.30
_q1
_r0
_sY
_tBOOK
_u2019-3-6
_xSALUD
_zP33
_0COMPRA
_1FCOMPR2
_o.STAFF. Colección Ciencias de la Salud
980 _81
_gALBERTO SANCHEZ Responsable de Automatización